000 01282nam a22002657a 4500
005 20170124103123.0
010 _aA-828875
020 _c30.00
035 _aA-828875
037 _bCen Lib/Ret
040 _aDPL
_bHN
082 _a181.432
_bजोशीका
100 _aजोशी, कालिदास
_982549
245 _aयोग के सिद्धांत एवं अभ्यास /
_cकालिदास जोशी [और] गणेश शंकर
246 _aYog ke sidhant evam abhyas /
_bby kalidas [aur] Ganesh Shankar
260 _aभोपाल
_bमध्यप्रदेश हिन्दी ग्रन्थ अकादमी
_c1995
270 _bभोपाल
_aरविंद्रनाथ ठाकुर मार्ग
_e462003
300 _a120पृ. :
_c21सेमी (सजिल्द)
_bसचित्र
650 _aअध्यात्मिक चेतना--योग
_982550
650 _aयोग के सिद्धांत और अभ्यास
_982551
650 _aSpiritual consciousness --Yoga
_982552
650 _aTheory and practice of yoga
_982553
700 _aशंकर, गणेश
_982554
942 _2ddc
_cHN
_h181.432
_mजोशीका
999 _c118926
_d118926